Statistics for London Football Clubs in the Top 6 Tiers

Click here to take the quiz!

General Stats

  • This quiz has been taken 24 times
  • The average score is 13 of 19

Answer Stats

Answer% Correct
Arsenal
100%
Chelsea
100%
Crystal Palace
100%
Fulham
95%
Tottenham Hotspur
95%
West Ham United
95%
Queens Park Rangers
91%
AFC Wimbledon
86%
Brentford
86%
Millwall
82%
Charlton Athletic
68%
Barnet
64%
Leyton Orient
64%
Sutton United
55%
Dagenham & Redbridge
50%
Bromley
41%
Wealdstone
27%
Welling United
23%
Hampton & Richmond Borough
18%

Score Distribution

Percentile by Number Answered

Percent of People with Each Score

Your Score History

You have not taken this quiz